Demon Slayer quizz questions - Statistiques

Statistiques générales
  • Ce quiz a été pris 1 140 fois
  • Le résultat moyen est 8 sur 18
Statistiques - réponses
Question Réponse % Correct
Comment s'appelle le personnage principal ? Tanjiro Kamado
99%
Comment s'appelle l'ennemi principal des personnages ? Muzan Kibutsuji
87%
Quel souffle utilise celui-ci ? Le souffle de l'eau
77%
Comment s'appelle la 3e lune supérieure ? Akaza
75%
Comment s'appellent les neufs pourfendeurs les plus gradés ? Les piliers
69%
Qui utilise le souffle du serpent ? Obanai Iguro
65%
Comment les personnages combattent t-ils ? Avec un katana
62%
Comment s'appelle le premier pourfendeur que le personnage principal rencontre dans l'histoire ? Giyu Tomioka
55%
Comment s'appelle le souffle qu'utilise la première lune supérieure ? Le souffle de la lune
54%
Comment s'appelle le forgeron du personnage principal ? Hotaru Haganezuka
40%
Quel est le souffle qui dérive de celui de la flamme ? Le souffle de l'amour
32%
Qui est l'auteur de la série ? Koyoharu Gotouge
17%
Comment s'appelle l'une des parties de la 4e lune supérieure qui représente la haine ? Zohakuten
10%
Comment s'appelle l'une des parties de la 4e lune supérieure qui représente la tristesse ? Aizetsu
6%
Qui est le forgeron d' Inosuke qui deviendra dans le tome 12 celui de Muichiro ? Kanamori
5%
Comment s'appelle la 4e lune inférieure ? Mukago
5%
Comment s'appelle la 2e lune inférieure ? Rokuro
4%
Question impossible : Quel est le nom du poisson de Shinobu ? Fugu
2%
Aucun quiz correspondant
Distribution des résultats
% des personnes avec chaque résultat
Percentile par nombre de réponses
Votre historique - résultats
Vous n’avez pas pris ce quiz